000
00348nam a2200169Ia 4500
100
_a
Doyle/Jeff
650
_a
CCIE
250
_a
2
942
_c
BK
366
_f
25
245
_a
CCIE professional development:Routing TCP/IP
260
_b
CISCO
_c
2006
082
_a
4.62
_b
DOY
300
_a
911
546
_a
ENGLISH
_c
Info.Tech
999
_c
21077
_d
21077